| 000 | 00362nam a2200145Ia 4500 | ||
|---|---|---|---|
| 008 | 240126s9999 xx 000 0 und d | ||
| 041 | _aEnglish | ||
| 082 | _aPRHM17-1868 | ||
| 100 | _aLashminarain. | ||
| 245 | 0 |
_aMetro cash and carry _bVivek Jothimani. |
|
| 260 |
_bPES University _aBangalore |
||
| 440 | _aNULL | ||
| 650 | _aMetro,cash,carry | ||
| 942 | _cPR | ||
| 999 |
_c281796 _d281796 |
||